000 00281nam a22001217a 4500
008 230505b |||||||| |||| 00| 0 eng d
100 _aS. N. Shukla
245 _aTransfer of Property Act
260 _aHaryana
_bALA
_c2008
300 _a516
546 _aEnglish
942 _2ddc
_cBK
999 _c20016
_d20016